| 000 | 00881nam a22002532 4500 | ||
|---|---|---|---|
| 001 | 0000004931 | ||
| 005 | 20151217151946.0 | ||
| 008 | 070604s xx 000 0 eng d | ||
| 020 | _a0397547579 : | ||
| 040 |
_aKABU _cKABU |
||
| 050 | 0 |
_aRC440 _b.S55 1990 |
|
| 100 | 1 |
_aShives, Louise Rebraca. _@0000155900 |
|
| 245 | 1 | 0 |
_aBasic concepts of psychiatric-mental health nursing / _cLouse Rebraca Shives; contributors, Rebecca H. sSouthwell, Marlene Young. |
| 250 | _a2nd ed. | ||
| 260 |
_aGrand Rapids : _bJ. B. Lippincott Company, _c1990. |
||
| 300 |
_axi, 658 p. ; _c24 cm. |
||
| 650 | 0 |
_aPsychiatric nursing. _@0000155901 |
|
| 700 | 1 |
_aSouthwell, Rebecca H. _@0000155902 |
|
| 700 | 1 |
_aYoung, Marlene. _@0000155903 |
|
| 908 | _a070604 | ||
| 950 | _@1 | ||
| 999 |
_c6732 _d6732 |
||